Estudio sobre la producción y comercialización de hortalizas en el istmo centroamericano con referencia al pequeño productor

Guardado en:
Bibliografiske detaljer
Hovedforfatter: Villasuso Estomba, Juan Manuel
Format: Texto
Udgivet: Turrialba: CATIE
Tags: Tilføj Tag
Ingen Tags, Vær først til at tagge denne postø!

MARC

LEADER 00000 a a2200000 04500
001 14109
003
040
090 |a 027200  
100 |a Villasuso Estomba, Juan Manuel  
245 |a Estudio sobre la producción y comercialización de hortalizas en el istmo centroamericano con referencia al pequeño productor  
260 |a Turrialba:   |b CATIE  
300 |a 93 p.  
999 |c 1038  |d 1038